000 00298 a2200109 4500
001 ART_7197
005 20260410161623.0
008 260409a
245 1 0 _aParticipaciones en otras sociedades
100 1 _aPiñeiro, Horacio
773 0 _tEnfoques
_g- Nº 8 (ago. 2011)
_wREV416
999 _c11710
_d11710